[Event "Match"]
[Site "www.echecsemail.com"]
[Date "2016.12.18"]
[Round "1"]
[White "Estonia"]
[Black "Jobeye"]
[WhiteElo "2070"]
[BlackElo "2149"]
[Result "1-0"]
[Round "1"]
1.c4 e6
2.Ng1f3 b6
3.Nb1c3 Bc8b7
4.e4 Bf8c5
5.d4 Bc5b4
6.Qd1c2 Bb4xc3
7.bxc3 Ng8f6
8.d5 Qd8e7
9.Bf1d3 exd5
10.cxd5 Nf6xd5
11.O-O Nd5f6
12.Bc1g5 O-O
13.e5 Bb7xf3
14.Rf1e1 Bf3h5
15.exf6 Qe7c5
16.Bg5e3 Qc5d6
17.Bd3xh7 Kh8
18.fxg7 Kxg7
19.Be3d4 f6
20.Bh7d3 Nb8c6
21.Bd4e3 Nc6e5
22.Bd3e2 Bh5g6
23.Qc2a4 c6
24.Ra1d1 Qd6e6
25.c4 c5
26.h3 Bg6e8
27.Be2f1 d6
28.Qa4c2 Be8g6
29.Qc2a4 Rf8d8
30.f4 Bg6e8
31.Qa4a6 Ne5c6
32.Be3c1 Qe6d7
33.Bc1b2 Nc6b4
34.Qa6a3 Nb4c2
35.Qa3g3 Kf7
36.Re1e2 Qd7f5
37.Rd1d2 Nc2b4
38.a3 Nb4a6
39.Rd2d5 Qf5h7
40.Qg3c3 Qh7g7
41.Qc3e3 Be8c6
42.Qe3e6 Kf8
43.Bb2xf6 Qg7f7
44.Rd5xd6 Rd8xd6
45.Qe6xd6 Kg8
46.Qd6xc6 Ra8f8
47.Bf6g5 Na6b8
48.Qc6d5 Qf7xd5
49.cxd5 b5
50.Re2c2 c4
51.Bf1e2 Nb8d7
52.a4 a6
53.axb5 axb5
54.Be2xc4 bxc4
55.Rc2xc4 Nd7b6
56.Rc4d4 { resign }
1-0

[Event "Match"]
[Site "www.echecsemail.com"]
[Date "2016.12.18"]
[Round "1"]
[White "Jobeye"]
[Black "Bojan"]
[WhiteElo "2010"]
[BlackElo "2030"]
[Result "0-1"]
[Round "1"]
1.d4 d5
2.Bc1f4 c6
3.Ng1f3 h6
4.h3 Ng8f6
5.Nb1c3 Bc8f5
6.Nf3h4 Bf5h7
7.Bf4e5 Nb8d7
8.e3 e6
9.g4 Nd7xe5
10.dxe5 Nf6d7
11.Nh4f3 Qd8c7
12.Qd1d4 Bh7xc2
13.e4 Bf8c5
14.Qd4d2 dxe4
15.Nf3h4 Bc2d3
16.Bf1g2 Bc5b4
17.f4 exf3
18.Nh4xf3 Bd3e4
19.O-O O-O-O
20.Qd2e3 Bb4c5
21.Nf3d4 Be4xg2
22.Kxg2 Nd7xe5
23.Nc3e2 f6
24.Qe3e4 Qc7e7
25.Ra1c1 Ne5f7
26.Nd4xe6 Rd8d5
27.Ne2f4 Rd5e5
28.Qe4f3 Re5xe6
29.Nf4xe6 Nf7e5
30.Qf3f5 Bc5d4
31.Ne6xd4 Kb8
32.Rf1e1 Rh8d8
33.Nd4e6 Rd8d5
34.Rc1d1 g6
35.Qf5xg6 Ne5xg6
36.Rd1c1 Qe7d6
37.Rc1c2 Ng6f4
38.Ne6xf4 Qd6xf4
39.Re1e8 Kc7
40.Re8e7 Kb6
41.Re7e2 Rd5d3
42.Kg1 Qf4g3
{ resign }
0-1

[Event "Match"]
[Site "www.echecsemail.com"]
[Date "2016.12.18"]
[Round "1"]
[White "Whatsamania"]
[Black "Guidom"]
[WhiteElo "1809"]
[BlackElo "2160"]
[Result "0-1"]
[Round "1"]
1.d4 d5
2.c4 dxc4
3.Ng1f3 Ng8f6
4.e3 e6
5.Bf1xc4 Bf8e7
6.Nb1c3 O-O
7.O-O c6
8.e4 Nb8d7
9.Qd1c2 Nd7b6
10.Bc4d3 h6
11.e5 Nf6d5
12.a3 Nd5xc3
13.bxc3 c5
14.Rf1d1 Qd8c7
15.Bc1e3 Nb6d5
 { time }
0-1

[Event "Match"]
[Site "www.echecsemail.com"]
[Date "2016.12.18"]
[Round "1"]
[White "Bojan"]
[Black "Mitja"]
[WhiteElo "2000"]
[BlackElo "2000"]
[Result "1-0"]
[Round "1"]
1.e4 d5
2.exd5 Qd8xd5
3.Nb1c3 Qd5d8
4.Qd1f3 c6
5.Bf1c4 e6
6.d4 h6
7.Bc1e3 Ng8f6
8.Ng1e2 Nb8d7
9.Ne2g3 Nd7b6
10.Bc4d3 Nb6d5
11.Be3d2 Bf8d6
12.Nc3e4 Nf6xe4
13.Ng3xe4 Bd6e7
14.c4 Nd5f6
15.Bd2c3 Nf6xe4
16.Bd3xe4 Be7f6
17.Ra1d1 O-O
18.O-O Qd8c7
19.Be4c2 b6
20.Qf3e4 g6
21.Qe4e3 Bf6g7
22.g3 Bc8b7
23.c5 Ra8d8
24.Bc3b4 b5
25.a4 a6
26.axb5 axb5
27.Qe3c3 Rd8a8
28.Rd1a1 Ra8xa1
29.Rf1xa1 Rf8a8
30.Ra1xa8 Bb7xa8
31.Qc3a3 Qc7b7
32.Bb4c3 Qb7c8
33.b4 Qc8d8
34.Bc2e4 Kh7
35.Qa3a7 Bg7xd4
36.Qa7xf7 Kh8
37.Qf7xg6 { resign }
1-0

[Event "Match"]
[Site "www.echecsemail.com"]
[Date "2016.12.18"]
[Round "1"]
[White "Krystek23"]
[Black "Whatsamania"]
[WhiteElo "2340"]
[BlackElo "1809"]
[Result "1-0"]
[Round "1"]
1.c4 Ng8f6
2.Nb1c3 b6
3.Ng1f3 Bc8b7
4.d4 e6
5.a3 d5
6.cxd5 Nf6xd5
7.Qd1c2 Bf8e7
8.Nc3xd5 Qd8xd5
9.Qc2xc7 Nb8a6
10.Qc7c2 Ra8c8
11.Qc2a4 b5
12.Qa4d1  { time }
1-0

[Event "Match"]
[Site "www.echecsemail.com"]
[Date "2016.12.18"]
[Round "1"]
[White "Sonny1000"]
[Black "Manuelito"]
[WhiteElo "1330"]
[BlackElo "1710"]
[Result "0-1"]
[Round "1"]
1.e4 e5
2.Bf1b5 a6
3.Ng1f3 axb5
4.Nf3xe5 d6
5.Ne5d3 d5
6.e5 b6
7.Nd3f4 Bc8b7
8.Qd1g4 Ng8h6
9.Qg4e2 d4
10.Qe2d3 c6
11.Nf4h5 Nh6g4
12.Qd3f5 Bb7c8
13.Qf5e4 Bf8c5
14.h3 g6
15.hxg4 gxh5
16.gxh5 Bc8e6
17.d3 Be6d5
18.Qe4f5 Bd5xg2
19.Rh1g1 Bg2d5
20.Rg1g7 Qd8d7
21.Qf5f6 Qd7e7
22.Rg7g8 Rh8xg8
23.Qf6h6 Rg8g1
24.Kd2 Qe7g5
25.Qh6xg5 Rg1xg5
26.h6 Rg5xe5
27.Kd1 Bd5f3
28.Kd2 Re5e2
29.Kd1 Re2xf2
30.Ke1 Rf2xc2
31.Nb1d2 Nb8d7
32.Kf2 Bf3d5
33.Ke2 Bd5xa2
34.Kd1 Rc2xc1
35.Ra1xc1 Ba2d5
36.Kc2 Nd7e5
37.Rc1f1 Ke7
38.Rf1f5 Ke6
39.b3 Kxf5
40.Nd2f1 Ra8a2
41.Kd1 Bd5xb3
42.Kc1 Ne5xd3
43.Kb1 Ra2f2
44.Nf1g3 Kg6
45.Ng3h1 Rf2f1
{ resign }
0-1

[Event "Match"]
[Site "www.echecsemail.com"]
[Date "2016.12.18"]
[Round "1"]
[White "Cal"]
[Black "Kazooie"]
[WhiteElo "1590"]
[BlackElo "1499"]
[Result "0-1"]
[Round "1"]
1.c4 Ng8f6
2.Nb1c3 e5
3.e4 d6
4.h3 Bf8e7
5.d3 Bc8e6
6.Ng1f3 Nb8c6
7.Bc1g5 Qd8d7
8.a3 O-O-O
9.Bf1e2 h6
10.Bg5xf6 gxf6
11.O-O Rd8g8
12.b4 Be6xh3
13.g3 Bh3xf1
14.Be2xf1 f5
15.Nc3d5 f4
16.Kh2 fxg3
17.fxg3 Qd7g4
18.Bf1h3 Qg4xh3
19.Kxh3 Rg8g6
20.Nd5xe7 Nc6xe7
21.d4 Rh8g8
22.dxe5 Rg6xg3
23.Kh4 Rg8g4
24.Kh5 Rg4g6
25.exd6 Rg3h3
26.Nf3h4 Rg6g5
27.Kxh6 Rg5g8
28.Qd1d2 Rh3xh4

0-1

[Event "Match"]
[Site "www.echecsemail.com"]
[Date "2016.12.18"]
[Round "1"]
[White "Geodad5"]
[Black "Babedad"]
[WhiteElo "2110"]
[BlackElo "2220"]
[Result "0-1"]
[Round "1"]
1.d4 Ng8f6
2.Nb1c3 e6
3.a3 b6
4.e4 Bc8b7
5.Bf1d3 Bf8e7
6.Bc1e3 d6
7.h3 Nb8d7
8.Ng1f3 O-O
9.O-O c5
10.dxc5 Nd7xc5
11.Be3xc5 dxc5
12.Qd1e2 a6
13.Ra1d1 Qd8c7
14.a4 Rf8d8
15.Rf1e1 Nf6h5
16.Qe2f1 Rd8c8
17.Bd3c4 Nh5f4
18.g3 Nf4g6
19.Kg2 h5
20.Qf1e2 h4
21.Rd1d2 hxg3
22.fxg3 Ng6e5
23.Nf3xe5 Qc7xe5
24.Re1d1 Rc8d8
25.Rd2d7 Be7d6
26.Rd7xb7 Qe5xg3
27.Kf1 Bd6e5
28.Rd1d3 Rd8xd3
29.Qe2xd3 Qg3f4
30.Ke1 Be5d4
31.Nc3e2 Qf4f2
32.Kd1 Ra8d8
33.Ne2xd4 Rd8xd4
34.Rb7xb6 Rd4xd3
35.Bc4xd3 Qf2d4
36.Rb6b8 Kh7
37.b3 Qd4g1
{ resign }
0-1

[Event "Match"]
[Site "www.echecsemail.com"]
[Date "2016.12.18"]
[Round "1"]
[White "Fangshuo"]
[Black "Jobeye"]
[WhiteElo "2110"]
[BlackElo "2010"]
[Result "0-1"]
[Round "1"]
1.e4 g5
2.d3 e6
3.f4 gxf4
4.Ng1f3 Qd8f6
5.Nb1c3 Bf8d6
6.Bc1d2 Ng8e7
7.Bf1e2 Ne7g6
8.O-O Bd6c5
9.Kh1 Nb8c6
10.h3 d6
11.Nf3h2 Bc5d4
12.Nh2g4 Qf6h4
13.Bd2xf4 e5
14.Bf4d2 Bc8e6
15.Ng4f6 Kd8
16.Bd2e1 Qh4h6
17.Be2g4 Ng6f4
18.Nc3d5 Be6xd5
19.Nf6xd5 f6
20.Nd5xf4 exf4
21.c3 Bd4e3
22.Be1d2 Nc6e5
23.Bd2xe3 fxe3
24.Qd1e2 Rh8g8
25.Rf1f4 Qh6xf4
26.Ra1f1 Qf4h6
{ resign }
0-1

[Event "1/16 Finale"]
[Site "www.chess-mail.com"]
[Date "2016.12.18"]
[Round "1"]
[White "Conde7"]
[Black "Papaours"]
[WhiteElo "2880"]
[BlackElo "2260"]
[Result "1-0"]
[Round "1"]
1.e4 c5
2.Ng1f3 d6
3.d4 cxd4
4.Nf3xd4 Ng8f6
5.Nb1c3 g6
6.Bc1e3 Bf8g7
7.f3 O-O
8.Qd1d2 Nb8c6
9.O-O-O d5
10.Kb1 Nc6xd4
11.e5 Nd4xf3
12.gxf3 Nf6h5
13.Nc3xd5 Bc8e6
14.f4 Qd8xd5
15.Qd2xd5 Be6xd5
16.Rd1xd5 Rf8d8
17.Bf1g2 Rd8xd5
18.Bg2xd5 Ra8d8
19.Bd5xb7 Bg7h6
20.Bb7f3 Bh6xf4
21.Be3xa7 Bf4xe5
22.a4 Be5c7
23.b4 e5
24.a5 f5
25.Rh1d1 Rd8xd1
26.Bf3xd1 Nh5f4
27.c3 Kf7
28.a6 Ke8
29.Ba7d4 Bc7b8
30.Bd4xe5 { resign }
1-0

[Event "1/32 Finale"]
[Site "www.chess-mail.com"]
[Date "2016.12.18"]
[Round "1"]
[White "Osopanda"]
[Black "Mitja"]
[WhiteElo "2060"]
[BlackElo "1940"]
[Result "0-1"]
[Round "1"]
1.d4 d5
2.c4 dxc4
3.Nb1c3 e6
4.a4 c6
5.e4 h6
6.Bf1xc4 Ng8e7
7.Ng1f3 Ne7g6
8.O-O Bf8e7
9.d5 cxd5
10.exd5 exd5
11.Nc3xd5 O-O
12.Qd1d3 Nb8c6
13.Nd5xe7 Qd8xe7
14.Bc1f4 Ng6xf4
15.Qd3c3 Bc8e6
16.Rf1e1 a6
17.Bc4xe6 fxe6
18.Nf3e5 Nc6xe5
19.Re1xe5 Ra8e8
20.Ra1e1 Qe7d7
21.g3 Nf4d5
22.Qc3d2 Nd5f6
23.Qd2xd7 Nf6xd7
24.Re5xe6 Re8xe6
25.Re1xe6 Nd7c5
26.Re6b6 Rf8f6
27.Rb6b4 a5
28.Rb4d4 b6
29.b4 Nc5b3
30.Rd4c4 Nb3d2
31.Rc4c8 Rf6f8
32.Rc8xf8 Kxf8
33.bxa5 bxa5
34.f4 Nd2c4
{ resign }
0-1

[Event "1/64 Finale"]
[Site "www.chess-mail.com"]
[Date "2016.12.18"]
[Round "1"]
[White "Egdiogel"]
[Black "Hennie4820"]
[WhiteElo "2260"]
[BlackElo "2010"]
[Result "1-0"]
[Round "1"]
1.Ng1f3 Ng8f6
2.d4 g6
3.g3 Bf8g7
4.c4 d6
5.Bf1g2 O-O
6.Nb1c3 Nb8d7
7.O-O c6
8.b3 Qd8c7
9.Bc1b2 e5
10.Qd1d2 exd4
11.Qd2xd4 Nf6d5
12.Qd4xg7 Kxg7
13.Nc3xd5 f6
14.Nd5xc7 Ra8b8
15.Nc7e6 Kf7
16.Ne6xf8 { resign }
1-0

[Event "Fast Game"]
[Site "www.echecsemail.com"]
[Date "2016.12.18"]
[Round "1"]
[White "Lyonbyte"]
[Black "Jobeye"]
[WhiteElo "1599"]
[BlackElo "1599"]
[Result "0-1"]
[Round "1"]
1.e4 c6
2.d4 Ng8f6
3.Nb1d2 d5
4.exd5 Nf6xd5
5.c4 Nd5f6
6.Ng1f3 g6
7.Bf1e2 Bf8g7
8.O-O Bc8f5
9.Rf1e1 Nb8d7
10.Nd2b3 b6
11.Nf3h4 Bf5e6
12.Be2d3 Qd8c7
13.Nh4f3 O-O
14.h3 Qc7c8
 { time }
0-1

[Event "Tourn. n9093"]
[Site "www.chess-mail.com"]
[Date "2016.12.19"]
[Round "1"]
[White "Winston"]
[Black "Pachi"]
[WhiteElo "1469"]
[BlackElo "1490"]
[Result "1-0"]
[Round "1"]
1.e4 e5
2.Ng1f3 Nb8c6
3.Bf1c4 f6
4.d4 exd4
5.Nf3xd4 Nc6e5
6.Bc4xg8 Rh8xg8
7.Nb1c3 c5
8.Nd4f5 Qd8a5
9.O-O d5
10.Qd1xd5 Rg8h8
11.Bc1f4 g6
12.Nf5d6 Bf8xd6
13.Qd5xd6 Ne5c4
14.Qd6xf6 Rh8f8
15.Qf6g5 Nc4xb2
16.Qg5e5 Kf7
17.Nc3d5 Kg8
18.Qe5xb2 b6
19.Nd5f6 Kf7
20.Nf6xh7 Rf8d8
21.Qb2f6 Ke8
22.Qf6xg6 Kd7
23.Rf1d1 Ke7
24.Bf4g5 
1-0

[Event "Tourn. n8976"]
[Site "www.chess-mail.com"]
[Date "2016.12.19"]
[Round "1"]
[White "Abuelo"]
[Black "Fieldfast"]
[WhiteElo "2210"]
[BlackElo "2119"]
[Result "0-1"]
[Round "1"]
1.e4 e6
2.Ng1f3 d5
3.exd5 exd5
4.d4 Ng8f6
5.Bc1g5 Bf8e7
6.Bg5xf6 Be7xf6
7.h3 Qd8e7
8.Bf1e2 Bc8e6
9.O-O O-O
10.c3 c6
11.Nb1d2 Qe7c7
12.Qd1c2 Nb8d7
13.Be2d3 g6
14.a3 c5
15.dxc5 Nd7xc5
16.b4 Nc5xd3
17.Qc2xd3 Qc7xc3
18.Qd3xc3 Bf6xc3
19.Ra1a2 d4
20.Ra2c2 Rf8c8
21.Nd2e4 Be6f5
22.Rc2e2 d3
23.Re2e3 Bf5xe4
24.Re3xe4 Bc3f6
25.Re4e3 Rc8c3
26.Rf1d1 Ra8d8
27.Nf3e1 d2
28.Ne1f3 Rc3c1
29.Re3e1 dxe1Q
30.Rd1xe1 Rc1xe1
31.Nf3xe1 Rd8d1
{ resign }
0-1

[Event "Tourn. n9131"]
[Site "www.chess-mail.com"]
[Date "2016.12.19"]
[Round "1"]
[White "Jobeye"]
[Black "Urbe69"]
[WhiteElo "2010"]
[BlackElo "2030"]
[Result "1/2-1/2"]
[Round "1"]
1.Nb1c3 d5
2.d4 f5
3.Bc1f4 a6
4.g3 Ng8f6
5.Ng1f3 e6
6.Bf1g2 c6
7.a3 Bf8d6
8.Bf4xd6 Qd8xd6
9.O-O Nb8d7
10.e3 O-O
11.Nf3h4 Nf6e4
12.Nc3xe4 fxe4
13.f3 exf3
14.Nh4xf3 e5
15.dxe5 Nd7xe5
16.Nf3xe5 Qd6xe5
17.Rf1xf8 { draw }
1/2-1/2

[Event "Tourn. n9061"]
[Site "www.chess-mail.com"]
[Date "2016.12.19"]
[Round "1"]
[White "Hansen"]
[Black "Cal"]
[WhiteElo "1610"]
[BlackElo "1630"]
[Result "0-1"]
[Round "1"]
1.e4 e5
2.Bf1c4 Ng8f6
3.f3 a6
4.a3 Nb8c6
5.c3 h6
6.d4 exd4
7.cxd4 d6
8.d5 Nc6e5
9.b3 b5
10.Bc4d3 Bf8e7
11.f4 Ne5g6
12.f5 Ng6e5
13.Nb1c3 O-O
14.h3 Bc8b7
15.Ng1e2 c5
16.Ne2f4 Qd8b6
17.g4 Ne5xd3
18.Nf4xd3 c4
19.Nd3f4 a5
20.a4 b4
21.Nc3b5 Nf6xe4
22.Qd1e2 Be7h4
23.Kf1 Ne4g3
24.Ke1 Ng3xe2
25.Kxe2 Qb6f2
26.Kd1 Qf2f3
27.Kc2 Qf3xb3
28.Kd2 c3
29.Ke2 Qb3c2
30.Ke3 Ra8e8
31.Kd4 Bh4f2
32.Kc4 Re8e4
33.Nb5d4 Re4xd4
34.Kb5 Rd4xf4
35.Bc1xf4 Qc2d3
36.Kxa5 Qd3a6
37.Kxb4 Bb7xd5
38.Kxc3 Qa6c4
39.Kb2 Bf2d4
40.Kb1 Bd5e4
{ resign }
0-1

[Event "Tourn. n9059"]
[Site "www.chess-mail.com"]
[Date "2016.12.19"]
[Round "1"]
[White "Nulladies"]
[Black "Falcoale"]
[WhiteElo "1850"]
[BlackElo "1890"]
[Result "0-1"]
[Round "1"]
1.d4 Ng8f6
2.Bc1f4 b6
3.Ng1f3 Bc8b7
4.Nb1d2 e6
5.e3 Nf6d5
6.Bf4g3 Bf8e7
7.c4 Nd5f6
8.Bf1e2 O-O
9.O-O d5
10.Ra1c1 c6
11.h3 Nb8d7
12.Be2d3 c5
13.Rf1e1 Nf6e4
14.Nf3h2 Ne4xg3
15.fxg3 cxd4
16.Qd1h5 Nd7f6
17.Qh5h4 g6
18.Nh2f3 dxe3
19.Re1xe3 Ra8c8
20.Re3e1 Nf6e4
21.Qh4g4 Be7c5
22.Kh2 Ne4f2
23.Qg4h4 Qd8xh4
24.gxh4 Nf2xd3
25.Nf3e5 Nd3xe1
26.Ne5d7 Rf8d8
27.Nd7xc5 Rc8xc5
28.Rc1xe1 dxc4
29.Nd2b1 b5
{ resign }
0-1

[Event "Tourn. n9053"]
[Site "www.chess-mail.com"]
[Date "2016.12.19"]
[Round "1"]
[White "Servant"]
[Black "Roque1"]
[WhiteElo "1690"]
[BlackElo "1730"]
[Result "0-1"]
[Round "1"]
1.e4 c5
2.d4 cxd4
3.c3 dxc3
4.Nb1xc3 Ng8f6
5.Ng1f3 d6
6.Bf1c4 Nb8c6
7.O-O e5
8.Rf1e1 Bc8g4
9.h3 Bg4xf3
10.Qd1xf3 Bf8e7
11.Bc1g5 O-O
12.Ra1d1 Nc6d4
13.Qf3g3 Ra8c8
14.Bc4d3 Qd8b6
15.Bg5xf6 Be7xf6
16.Nc3d5 Qb6d8
 { time }
0-1

[Event "Tourn. n9060"]
[Site "www.chess-mail.com"]
[Date "2016.12.19"]
[Round "1"]
[White "Servant"]
[Black "Ranjachess"]
[WhiteElo "1690"]
[BlackElo "1690"]
[Result "0-1"]
[Round "1"]
1.d4 d5
2.Bc1f4 Nb8c6
3.e3 Bc8f5
4.Bf1b5 Qd8d7
5.Ng1f3 Bf5g4
6.Nb1d2 a6
7.Bb5xc6 Qd7xc6
8.c3 O-O-O
9.Qd1b3 f6
10.O-O g5
11.Bf4g3 h5
12.h3 Bg4xf3
13.Nd2xf3 Bf8g7
14.Ra1c1 b5
15.Rf1d1 a5
16.a3 e6
17.Rc1a1 a4
18.Qb3c2 Ng8e7
19.Rd1e1 Ne7f5
20.b3 Nf5xg3
 { time }
0-1

[Event "Tourn. n9099"]
[Site "www.chess-mail.com"]
[Date "2016.12.19"]
[Round "1"]
[White "Autmich"]
[Black "Pachi"]
[WhiteElo "999"]
[BlackElo "1490"]
[Result "1-0"]
[Round "1"]
1.e4 e5
2.Ng1f3 d6
3.d4 Nb8c6
4.dxe5 dxe5
5.Qd1xd8 Kxd8
6.Bf1c4 h6
7.Bc4xf7 Nc6b4
8.Bf7b3 Ng8f6
9.Nb1c3 g5
10.Nf3xe5 Rh8h7
11.a3 Nb4a6
12.Bc1e3 b6
13.O-O-O Ke8
14.h4 Nf6g4
15.Ne5xg4 Bc8xg4
16.f3 Bg4d7
17.hxg5 h5
18.g6 Rh7h8
19.Be3d4 Bf8h6
20.Kb1 Ke7
21.Bd4xh8 Ra8xh8
22.Rh1xh5 Kf6
23.Rd1h1 Kxg6
24.g4 { resign }
1-0

[Event "Tourn. n9032"]
[Site "www.chess-mail.com"]
[Date "2016.12.19"]
[Round "1"]
[White "Conde7"]
[Black "Gimmyg"]
[WhiteElo "2890"]
[BlackElo "2480"]
[Result "1-0"]
[Round "1"]
1.e4 c5
2.Ng1f3 e6
3.d4 cxd4
4.Nf3xd4 Nb8c6
5.Bf1e2 Ng8f6
6.Nb1c3 Bf8b4
7.O-O Bb4xc3
8.Nd4xc6 bxc6
9.bxc3 Qd8c7
10.f3 d5
11.Bc1a3 c5
12.Be2b5 Bc8d7
13.Bb5xd7 Qc7xd7
14.Ba3xc5 dxe4
15.Ra1b1 Qd7c6
16.Bc5a3 Nf6d5
17.Qd1d4 Nd5xc3
18.Qd4xg7 O-O-O
19.Qg7e5 Nc3xb1
20.Rf1xb1 Qc6c7
21.Qe5xe4 Rh8g8
22.Ba3d6 Rd8xd6
23.Qe4a8 Kd7
24.Qa8xg8 Ke7
25.Qg8xh7 Rd6d4
26.Qh7h6 Qc7c5
27.Kh1 Qc5xc2
28.Rb1b7 Rd4d7
29.Qh6h4 f6
30.Qh4b4 Ke8
31.Rb7b8 Kf7
32.h4 Qc2h7
33.Kh2 Qh7h6
34.Kh3 f5
35.Rb8b7 Rd7xb7
36.Qb4xb7 Kf6
37.Qb7xa7 { resign }
1-0

[Event "Tourn. n9114"]
[Site "www.chess-mail.com"]
[Date "2016.12.19"]
[Round "1"]
[White "Mancini"]
[Black "Nulladies"]
[WhiteElo "1799"]
[BlackElo "1850"]
[Result "1-0"]
[Round "1"]
1.d4 Ng8f6
2.c4 e6
3.Ng1f3 c5
4.d5 exd5
5.cxd5 b6
6.Nb1c3 Bc8b7
7.g3 d6
8.Bf1g2 Bb7a6
9.O-O g6
10.Rf1e1 Bf8g7
11.e4 O-O
12.e5 Nf6xd5
13.Qd1xd5 Nb8d7
14.Qd5xd6 Nd7xe5
15.Qd6xd8 Ra8xd8
16.Nf3xe5 Rf8e8
17.Bc1f4 Bg7xe5
18.Re1xe5 Re8xe5
19.Bf4xe5 Rd8e8
20.Be5f4 f6
21.Ra1d1 Ba6c4
22.Bg2f3 Kf7
23.Rd1d7 Re8e7
24.Rd7xe7 Kxe7
25.b3 Bc4d3
26.Bf4b8 a6
27.Nc3d5 Ke6
28.Nd5f4 Kf5
29.Nf4xd3 { resign }
1-0

[Event "Tourn. n9091"]
[Site "www.chess-mail.com"]
[Date "2016.12.19"]
[Round "1"]
[White "Norlavuaram"]
[Black "Manolinex"]
[WhiteElo "2230"]
[BlackElo "2890"]
[Result "0-1"]
[Round "1"]
1.e4 c5
2.Ng1f3 d6
3.d4 cxd4
4.Nf3xd4 Ng8f6
5.Nb1c3 a6
6.Bc1g5 e6
7.Qd1d2 b5
8.a3 Nb8d7
9.Bf1e2 Bc8b7
10.f3 h6
11.Bg5e3 Ra8c8
12.O-O Nd7e5
13.Ra1d1 Bf8e7
14.g4 d5
15.exd5 Nf6xd5
16.Nc3xd5 Qd8xd5
17.c3 Ne5xg4
18.Be2d3 Ng4xe3
19.Qd2xe3 Qd5g5
20.Qe3xg5 hxg5
21.Bd3c2 Be7c5
22.Kg2 Rh8h4
23.Nd4b3 Bc5b6
24.Nb3d2 Ke7
25.Nd2e4 Rc8h8
26.Rf1h1 g4
27.Kg3 Rh4h3
28.Kg2 gxf3
29.Kf1 Rh3xh2
30.Rh1xh2 Rh8xh2
{ resign }
0-1

[Event "Tourn. n9123"]
[Site "www.chess-mail.com"]
[Date "2016.12.19"]
[Round "1"]
[White "Norlavuaram"]
[Black "Guidom"]
[WhiteElo "2220"]
[BlackElo "2170"]
[Result "0-1"]
[Round "1"]
1.e4 e5
2.Ng1f3 d6
3.d4 exd4
4.Nf3xd4 Bf8e7
5.Bf1c4 Be7f6
6.Bc1e3 Ng8e7
7.Nb1c3 Nb8c6
8.a3 O-O
9.Qd1d2 Nc6xd4
10.Be3xd4 Bf6xd4
11.Qd2xd4 Ne7c6
12.Qd4d2 Nc6e5
13.Bc4b3 Bc8e6
14.Bb3xe6 fxe6
15.O-O Qd8e7
16.f4 Ne5c4
17.Qd2c1 d5
18.b3 Qe7c5
19.Kh1 Nc4e3
20.Rf1f3 d4
21.Nc3a4 Qc5xc2
22.Qc1xc2 Ne3xc2
23.Ra1c1 Nc2xa3
24.Rc1xc7 Ra8c8
25.Rc7xc8 Rf8xc8
26.h3 Rc8c1
27.Kh2 b5
28.Na4b2 Rc1c3
29.Nb2d1 Rc3xf3
30.gxf3 Na3b1
31.Kg2 a5
32.Nd1b2 Nb1d2
33.b4 a4
34.Nb2d3 Nd2b3
{ resign }
0-1

[Event "Match"]
[Site "www.echecsemail.com"]
[Date "2016.12.19"]
[Round "1"]
[White "Whatsamania"]
[Black "Babedad"]
[WhiteElo "1809"]
[BlackElo "2240"]
[Result "0-1"]
[Round "1"]
1.b3 Ng8f6
2.Bc1b2 g6
3.Ng1f3 Bf8g7
4.e3 O-O
5.Bf1e2 d6
6.d4 Nb8d7
7.O-O Rf8e8
8.Nb1d2 e5
9.dxe5 dxe5
10.c4 a5
11.e4 c6
 { time }
0-1

[Event "Match"]
[Site "www.echecsemail.com"]
[Date "2016.12.19"]
[Round "1"]
[White "Manuelito"]
[Black "Actmy"]
[WhiteElo "1730"]
[BlackElo "1499"]
[Result "0-1"]
[Round "1"]
1.d4 d5
2.e3 Ng8f6
3.Ng1f3 g6
4.Bf1e2 Bf8g7
5.O-O O-O
6.c4 c5
7.dxc5 dxc4
8.Be2xc4 Nb8d7
9.b4 a5
10.Qd1b3 axb4
11.Qb3xb4 Nf6d5
12.Bc4xd5 Bg7xa1
13.Nb1d2 Ba1g7
14.Nd2e4 Nd7e5
15.Bd5xb7 Ra8b8
16.Nf3xe5 Bc8xb7
17.f4 Bg7xe5
18.fxe5 Qd8d3
19.Ne4g3 Bb7xg2
20.Qb4e1 Bg2xf1
21.Ng3xf1 Rb8b1
22.Qe1d2 Qd3xd2
23.Bc1xd2 Rf8d8
24.Kf2 Rb1xf1
25.Kxf1 Rd8xd2
{ resign }
0-1

[Event "Match"]
[Site "www.echecsemail.com"]
[Date "2016.12.19"]
[Round "1"]
[White "Autmich"]
[Black "Cal"]
[WhiteElo "999"]
[BlackElo "1570"]
[Result "1-0"]
[Round "1"]
1.e4 e5
2.Ng1f3 d6
3.d4 exd4
4.Nf3xd4 h6
5.Nb1c3 Ng8f6
6.Bf1e2 Bf8e7
7.O-O a6
8.Rf1e1 c5
9.Nd4f3 O-O
10.Bc1f4 b5
11.e5 Nf6g4
12.h3 Ng4xf2
13.Kxf2 Bc8b7
14.exd6 Be7f6
15.Nc3d5 Bb7xd5
16.Qd1xd5 Bf6xb2
17.Qd5xa8 Qd8d7
18.Ra1d1 f5
19.Qa8d5 Kh8
20.Qd5xc5 Qd7f7
21.Nf3e5 Qf7xa2
22.d7 Rf8d8
23.Qc5b6 Qa2g8
24.Ne5f7 Kh7
25.Nf7xd8 Bb2c3
26.Re1f1 g5
27.Bf4e3 Bc3b4
28.Nd8e6 Bb4e7
29.d8Q Be7xd8
30.Rd1xd8 Qg8f7
31.Rd8xb8 f4
32.Be2d3 { resign }
1-0

[Event "Match"]
[Site "www.echecsemail.com"]
[Date "2016.12.19"]
[Round "1"]
[White "Cersav"]
[Black "Umutkrc"]
[WhiteElo "1419"]
[BlackElo "1900"]
[Result "0-1"]
[Round "1"]
1.e4 a6
2.Nb1c3 d6
3.d3 c6
4.Nc3a4 b5
5.Na4c3 e5
6.Ng1f3 b4
7.Nc3a4 c5
8.b3 Nb8c6
9.Nf3g5 Nc6a7
10.f4 h6
11.Qd1h5 g6
12.Qh5h4 Bf8g7
13.Ng5f3 Qd8xh4
14.Nf3xh4 exf4
15.Bc1b2 Bg7xb2
16.Na4xb2 Na7b5
17.O-O-O Nb5c3
18.Rd1e1 Nc3xa2
19.Kd2 Ng8f6
20.Nb2c4 Ke7
 { time }
0-1

[Event "Match"]
[Site "www.echecsemail.com"]
[Date "2016.12.19"]
[Round "1"]
[White "Nulladies"]
[Black "Winston"]
[WhiteElo "1850"]
[BlackElo "1319"]
[Result "1/2-1/2"]
[Round "1"]
1.d4 d6
2.d5 e5
3.Nb1c3 Ng8f6
4.Bc1g5 Bc8f5
5.e4 Bf5g6
6.Bf1b5 Nb8d7
7.Qd1g4 Bf8e7
8.Bb5xd7 Nf6xd7
9.Bg5xe7 Qd8xe7
10.Ng1f3 Nd7f6
11.Qg4h4 a6
12.O-O-O h6
13.Nf3d2 O-O
14.Rh1f1 Rf8e8
15.f4 Nf6d7
16.Qh4xe7 Re8xe7
17.f5 Bg6h7
18.g4 f6
19.h4 g5
20.h5 Nd7c5
21.b4 Nc5d7
22.a4 b6
23.Kb2 Kg7
24.Rd1a1 Re7e8
25.b5 a5
26.Nc3d1 Nd7c5
27.Ra1c1 Nc5xa4
28.Ka3 Na4c5
29.Nd1c3 Ra8a7
30.Nc3a4 Nc5xa4
{ draw }
1/2-1/2

[Event "Match"]
[Site "www.echecsemail.com"]
[Date "2016.12.19"]
[Round "1"]
[White "Ericleo1980"]
[Black "Jesmantiz"]
[WhiteElo "2200"]
[BlackElo "2150"]
[Result "1/2-1/2"]
[Round "1"]
1.e4 c6
2.d4 d6
3.c4 e6
4.Nb1c3 g6
5.f4 Bf8g7
6.Ng1f3 Ng8e7
7.Bc1e3 Nb8d7
8.Bf1d3 a6
9.a4 O-O
10.a5 h6
11.O-O e5
12.fxe5 dxe5
13.dxe5 g5
14.Be3d4 Ne7g6
15.e6 Bg7xd4
16.Nf3xd4 Nd7e5
17.exf7 Rf8xf7
18.Nd4f5 Bc8xf5
19.exf5 Qd8d4
20.Kh1 Ng6f4
21.Bd3c2 Qd4e3
22.Rf1e1 Qe3c5
23.Nc3e4 Qc5b4
24.Ne4xg5 Rf7d7
25.Qd1c1 Nf4d3
26.Bc2xd3 Ne5xd3
27.Qc1e3 hxg5
28.Qe3e6 Rd7f7
29.Qe6g6 Rf7g7
30.Qg6e6 Kh7
31.Re1f1 Qb4c5
32.f6 Nd3f2
33.Rf1xf2 Qc5xf2
34.fxg7 Qf2xb2
35.Qe6f5 Kg8
36.Ra1f1 Qb2xg7
37.Qf5e6 Kh8
38.Qe6h3 Kg8
39.Qh3e6 Kh8
40.Qe6h3 Kg8
41.Qh3e6 Kh8
42.Qe6h3 Kg8
43.Qh3e6 Kh8
44.Qe6h3 Kg8
45.Qh3e6 Kh8
46.Qe6h3 Kg8
47.Qh3e6 Kh8
48.Qe6h3 { draw }
1/2-1/2

[Event "Eq:Nightwish-Equipo Juan Diaz : "]
[Site "www.chess-mail.com"]
[Date "2016.12.19"]
[Round "1"]
[White "Naujzaid"]
[Black "Ryukaynon"]
[WhiteElo "2110"]
[BlackElo "999"]
[Result "1-0"]
[Round "1"]
1.d4 Ng8f6
2.c4 g6
3.Nb1c3 d5
4.cxd5 Nf6xd5
5.e4 Nd5xc3
6.bxc3 Bf8g7
7.Bc1g5 c5
8.Ra1c1 O-O
9.Ng1f3 Bc8g4
10.d5 f5
11.Qd1b3  { time }
1-0

[Event "Fast Game"]
[Site "www.echecsemail.com"]
[Date "2016.12.19"]
[Round "1"]
[White "Cal"]
[Black "Ozana"]
[WhiteElo "1660"]
[BlackElo "1559"]
[Result "0-1"]
[Round "1"]
1.Nb1c3 d5
2.d4 Ng8f6
3.Ng1f3 g6
4.h3 Bf8g7
5.e3 O-O
6.Bf1d3 Nb8d7
7.a3 c5
8.dxc5 Nd7xc5
9.Bd3e2 e5
10.b4 e4
11.Nf3e5 Nc5e6
12.Nc3xd5 Qd8xd5
13.Bc1b2 b6
14.c4 Qd5xd1
15.Ra1xd1 Bc8b7
16.O-O Ra8d8
17.Rd1xd8 Rf8xd8
18.a4 Rd8d2
19.Bb2d4 Rd2xe2
20.a5 Ne6xd4
21.exd4 Nf6e8
22.f4 e3
23.d5 Ne8d6
24.c5 bxc5
25.bxc5 Bg7xe5
26.fxe5 Bb7xd5
27.exd6 Re2xg2
28.Kh1 Rg2f2
29.Kg1 Rf2xf1
30.Kxf1 Bd5c4
31.Ke1 Bc4b5
32.a6 f5
33.h4 f4
{ resign }
0-1

[Event "Tourn. n8929"]
[Site "www.chess-mail.com"]
[Date "2016.12.20"]
[Round "1"]
[White "Abuelo"]
[Black "Hundegana"]
[WhiteElo "2210"]
[BlackElo "2020"]
[Result "1/2-1/2"]
[Round "1"]
1.e4 c5
2.Bf1c4 e6
3.Nb1c3 a6
4.a4 Nb8c6
5.Ng1f3 Ng8f6
6.d3 h6
7.Bc1d2 Bf8d6
8.Nc3e2 b6
9.O-O Bc8b7
10.h3 Qd8c7
11.Qd1c1 O-O-O
12.Bd2c3 Rh8f8
13.Bc3xf6 gxf6
14.Qc1xh6 Bd6e7
15.Qh6d2 Rf8h8
16.Qd2f4 Qc7xf4
17.Ne2xf4 Nc6b4
18.c3 Nb4c6
19.Nf4e2 Rd8g8
20.Kh2 Nc6e5
21.Nf3xe5 fxe5
22.f3 Be7g5
23.Bc4b3 Rg8g7
24.c4 f5
25.a5 Kc7
26.axb6 Kxb6
27.Bb3a4 d5
28.b3 d4
29.Rf1b1 fxe4
30.fxe4 Rh8f8
31.Rb1f1 Rf8xf1
32.Ra1xf1 Bb7c6
33.Ba4xc6 Kxc6
34.g3 Rg7b7
35.h4 Bg5e3
36.Rf1b1 a5
37.Ne2c1 Rb7f7
38.Kh3 Rf7f1
39.h5 Be3xc1
40.Kg2 Rf1d1
41.g4 Kd7
42.Rb1xc1 Rd1xc1
43.h6 Rc1c2
44.Kg3 Rc2c1
45.Kg2 Rc1c2
46.Kg3 Rc2c1
47.Kg2 Rc1c2
48.Kg3 Rc2c1
49.Kg2 Rc1c2
{ draw }
1/2-1/2